| Tag |
First Indicator |
Second Indicator |
Subfields |
| LEADER |
00000cam a2200000Ia 4500 |
| 001 |
in00002001321 |
| 005 |
20220105141722.0 |
| 006 |
m d |
| 007 |
cr cnu---unuuu |
| 008 |
040408s2003 enka sb 001 0 eng d |
| 020 |
|
|
|a 1417501960 (electronic bk.)
|
| 035 |
|
|
|a (OCoLC)ocm54911360
|
| 040 |
|
|
|a N$T
|c N$T
|d OCLCQ
|d UtOrBLW
|
| 049 |
|
|
|a IKMN
|
| 050 |
1 |
4 |
|a RJ505.A7
|b P76 2003eb
|
| 060 |
1 |
4 |
|a 2003 C-119
|
| 060 |
1 |
4 |
|a WM 450.5.A8
|b P968s 2003
|
| 082 |
0 |
4 |
|a 618.92/891656
|2 22
|
| 100 |
1 |
|
|a Proulx, Lucille,
|d 1932-
|0 http://id.loc.gov/authorities/names/n2002158938
|
| 245 |
1 |
0 |
|a Strengthening emotional ties through parent-child-dyad art therapy :
|b interventions with infants and preschoolers /
|c Lucille Proulx ; forewords by Lee Tidmarsh and Joyce Canfield.
|
| 264 |
|
1 |
|a London ;
|a Philadelphia :
|b Jessica Kingsley Publishers,
|c 2003.
|
| 300 |
|
|
|a 192 pages :
|b illustrations ;
|c 24 cm.
|
| 336 |
|
|
|a text
|b txt
|2 rdacontent
|
| 337 |
|
|
|a computer
|b c
|2 rdamedia
|
| 338 |
|
|
|a online resource
|b cr
|2 rdacarrier
|
| 504 |
|
|
|a Includes bibliographical references (pages 182-186) and indexes.
|
| 533 |
|
|
|a Electronic reproduction.
|b Boulder, Colo. :
|c NetLibrary,
|d 2004.
|n Available via World Wide Web.
|n Access may be limited to NetLibrary affiliated libraries.
|
| 500 |
|
|
|a Electronic resource.
|
| 650 |
|
0 |
|a Art therapy for children.
|0 http://id.loc.gov/authorities/subjects/sh88005446
|
| 650 |
|
0 |
|a Family psychotherapy.
|0 http://id.loc.gov/authorities/subjects/sh85047061
|
| 650 |
|
0 |
|a Arts
|x Therapeutic use.
|0 http://id.loc.gov/authorities/subjects/sh85008334
|
| 650 |
|
0 |
|a Child development.
|0 http://id.loc.gov/authorities/subjects/sh85023357
|
| 650 |
|
0 |
|a Child psychiatry.
|0 http://id.loc.gov/authorities/subjects/sh85023378
|
| 650 |
1 |
2 |
|a Art Therapy
|x methods.
|0 https://id.nlm.nih.gov/mesh/D001155Q000379
|
| 650 |
2 |
2 |
|a Child Development.
|0 https://id.nlm.nih.gov/mesh/D002657
|
| 650 |
2 |
2 |
|a Parent-Child Relations.
|0 https://id.nlm.nih.gov/mesh/D010287
|
| 655 |
|
7 |
|a Electronic books.
|2 local
|
| 710 |
2 |
|
|a NetLibrary, Inc.
|0 http://id.loc.gov/authorities/names/no99080690
|
| 776 |
1 |
|
|c Original
|z 1843107139
|w (DLC) 2002027526
|w (OCoLC)50417278
|
| 856 |
4 |
1 |
|u https://proxy.library.tamu.edu/login?url=http://www.netLibrary.com/urlapi.asp?action=summary&v=1&bookid=105410
|z Connect to the full text of this electronic book
|t 0
|
| 994 |
|
|
|a 92
|b IKM
|
| 999 |
|
|
|a MARS
|
| 999 |
f |
f |
|s ab096b25-dc2e-3c4e-8368-c8f4aa2a9fed
|i 5d2c4cc7-1c9a-3648-95c1-9ab25d73c4df
|t 0
|
| 952 |
f |
f |
|a Texas A&M University
|b College Station
|c Electronic Resources
|d Available Online
|t 0
|e RJ505.A7 P76 2003eb
|h Library of Congress classification
|
| 998 |
f |
f |
|a RJ505.A7 P76 2003eb
|t 0
|l Available Online
|